Born in Alexandria - Statistics

General Stats
  • This quiz has been taken 7 times
  • The average score is 10 of 16
Answer Stats
Hint Answer % Correct
Queen of the Ptolemaic Kingdom of Egypt and its last active ruler, her legacy survives in ancient and modern works of art 69 BC Cleopatra
100%
Greek mathematician, considered the "father of geometry" 300 BC Euclid
100%
President of Egypt from 1954 until his death in 1970 and leader of the Egyptian revolution of 1952 1918 Gamal Abdel Nasser
100%
Film producer and romantic partner of Diana, when they both died in a car crash in 1997 1955 Dodi Fayed
67%
Italian poet, theorist and founder of the Futurist movement, "Futurist Manifesto" "Fascist Manifesto" 1876 Filippo Tommaso Marinetti
67%
Actor, "Lawrence of Arabia" "Doctor Zhivago" 1932 Omar Sharif
67%
German politican and leading member of the Nazi Party, he was sentenced to life in prison at the Nuremberg trials and remained in custody until his suicide in 1987 1894 Rudolf Hess
67%
Egyptian-American small forward who played for the Oklahoma City Thunder, Phoenix Suns and Boston Celtics 1993 Abdel Nader
50%
Weightlifter and first Egyptian woman to win an Olympic medal 1992 Abeer Abdelrahman
50%
Italian-American writer, "Call Me by Your Name" 1951 André Aciman
50%
Israeli spy, he was executed in 1965 after Syrian counterintelligence uncovered him. In Israel he has become a national hero and many streets have been named for him. 1924 Eli Cohen
50%
Queen consort of Iran from 1941 to 1948 1921 Fawzia
50%
Italien poet and leading representative of Hermeticism, "L'allegria" 1888 Giuseppe Ungaretti
50%
Israeli-American billionaire and founder of Saban Entertainment 1944 Haim Saban
50%
Prime Minister of Libya from 1954 to 1957 1921 Mustafa Ben Halim
50%
French academic and President of the International Court of Justice from 2015 to 2018 1951 Ronny Abraham
50%
No matching quizzes found
Score Distribution
Percent of People with Each Score
Percentile by Number Answered
Your Score History
You have not taken this quiz